000
00217 a2200097 4500
001
50992
100
_a
Birdsall, Charles
245
_a
Plasma Physics
260
_a
Newy
_b
McGraw-Hill Book Co
_c
090
_c
32292
_d
32292
942
_a
NUST-CAE
_c
M
_c
24772
999
_c
286065
_d
286065